<?xml version="1.0" encoding="UTF-8"?>
<collection xmlns="http://www.loc.gov/MARC21/slim">
 <record>
  <leader>00502pamaa2200169   4500</leader>
  <controlfield tag="001">0000020579</controlfield>
  <controlfield tag="005">20060630090000.0</controlfield>
  <datafield tag="020" ind1="0" ind2="0">
   <subfield code="a">0838439624 </subfield>
  </datafield>
  <datafield tag="082" ind1=" " ind2=" ">
   <subfield code="a">409.94 ENG</subfield>
  </datafield>
  <datafield tag="090" ind1="0" ind2="0">
   <subfield code="a">P53 </subfield>
   <subfield code="b">ENG 1995</subfield>
  </datafield>
  <datafield tag="100" ind1="1" ind2="0">
   <subfield code="a">ENGLAND </subfield>
  </datafield>
  <datafield tag="245" ind1="1" ind2="0">
   <subfield code="a">Tapestry : </subfield>
   <subfield code="b">speaking of business  </subfield>
   <subfield code="c">Lizabeth England, Christine Uber Grosse.</subfield>
  </datafield>
  <datafield tag="260" ind1="0" ind2="0">
   <subfield code="a">Boston: </subfield>
   <subfield code="b">Heinle and Heinle, </subfield>
   <subfield code="c">1995.</subfield>
  </datafield>
  <datafield tag="300" ind1=" " ind2=" ">
   <subfield code="a">xviii, 148p.: </subfield>
   <subfield code="b">ill; </subfield>
   <subfield code="c">26cm.</subfield>
  </datafield>
  <datafield tag="440" ind1="0" ind2="0">
   <subfield code="a">High-Advanced Business</subfield>
  </datafield>
  <datafield tag="650" ind1="0" ind2="0">
   <subfield code="a">Literacy -- </subfield>
   <subfield code="x">Speaking </subfield>
  </datafield>
  <datafield tag="700" ind1="1" ind2="1">
   <subfield code="a">Grosse, </subfield>
   <subfield code="h">Christine Uber </subfield>
  </datafield>
 </record>
</collection>
